| 000 | 00792nam a22002297a 4500 | ||
|---|---|---|---|
| 003 | OSt | ||
| 005 | 20170731124050.0 | ||
| 008 | 170731e201705 sp 000 0 cat d | ||
| 020 | _a9788498887822 | ||
| 040 |
_aES-LlUDL _bcat _cCDMR |
||
| 100 | 1 |
_aJuliana, Enric, _d1957- |
|
| 245 | 1 | 0 |
_aEsperant els robots _b: mapes i transicions polítiques : algunes idees sobre l'endemà _c/ Enric Juliana ; entrevistat per Roger Palà |
| 260 |
_aBarcelona : _bIcaria, _c2017 |
||
| 300 |
_a98 pàgines ; _c22 cm |
||
| 490 | 0 |
_aMás madera. En profunditat ; _v137 |
|
| 600 | 1 | 0 |
_aJuliana, Enric _xIntervius |
| 650 | 4 |
_aRelacions internacionals _yS. XXI |
|
| 650 | 0 |
_aPolítica mundial _yS. XXI _93994 |
|
| 651 | 4 |
_aEspanya _xPolítica i govern _yS. XXI |
|
| 700 | 1 |
_aPalà, Roger _d1978- _93344 |
|
| 942 | _cMON | ||
| 999 |
_c7059 _d7059 |
||